000 00797nam a2200253Ia 4500
003 OSt
005 20220926015106.0
006 a|||||r|||| 00| 0
007 ta
008 220923b |||||||| |||| 00| 0 eng d
037 _cGeneral Book
040 _aRTL
_cRTL
_beng
041 _2eng
_aeng
082 _aX:9-75:(B), L7
100 _aGrinold Richard C.
_9254777
245 0 _aManpower planning models
260 _aNew York
_bNorth-Holland USA
_c1977
300 _axxvii, 267p. Bib p 259-64 ; Appendix p 255-257
_ccm.
490 _aPublications in Operations Research Series
650 _aLabour Economics
_921364
700 _a Marshall Kneale T.
_9321566
942 _hX:9-75:(B), L7
_cGB
_2CC
999 _c630511
_d630511